000 00713nam a22002297a 4500
003 LK-CoMWRAF
005 20231114002814.0
008 231112b1997 |||||||| |||| 00| 0 eng d
022 _a10181342
040 _aLK-CoMWRAF
_dLK-CoMWRAF
_eLK-CoMWRAF
041 _aeng
082 _a305.42
_bWOM
110 _aWomen living under muslim laws
245 _aDossier 19:
_bMuslim identities in the European context
260 _a Grabels:
_bInternational Solidarity Network,
_c1997
300 _b164 p.; 30 cm
650 _aMUSLIM WOMEN-Social conditions--Periodicals
650 _aWomen (Islamic law)--Periodicals
700 _a Hélie-Lucas, Marie-Aimée
_eed.
700 _aKapoor, Harsh
_eed.
942 _cBK
999 _c4073
_d4073